[Event "Nordic-ch VISA"]
[Site "Reykjavik"]
[Date "1997.10.08"]
[Round "1"]
[White "Nilssen, John Arni"]
[Black "Stefansson, Hannes"]
[Result "0-1"]
[WhiteElo "2315"]
[BlackElo "2545"]
[Annotator "Ribli,Z"]
[PlyCount "64"]
[EventDate "1997.10.08"]
[EventType "tourn"]
[EventRounds "13"]
[EventCountry "ISL"]
[EventCategory "10"]
[SourceTitle "CBM 062"]
[Source "ChessBase"]
[SourceDate "1998.01.31"]
[SourceVersion "1"]
[SourceVersionDate "1998.01.31"]
[SourceQuality "1"]

1. Nf3 Nf6 2. c4 e6 3. g3 c5 (3... d5) (3... b6) 4. Bg2 Be7 5. O-O (5. d4 $5
$14) 5... O-O 6. b3 (6. d4 $5 $14) 6... d5 7. Bb2 Nc6 (7... d4 {Diese
Fortsetzung scheint aktiv, weil der Bb2 eingeschlossen und im Zentrum Raum
gewonnen wird, aber nach 8.b4 bekommt Weiß die Initiative am Damenflügel.Ribli.
}) 8. e3 b6 (8... d4 9. exd4 cxd4 10. Re1 {Schwarz hat Raumvorteil im Zentrum,
aber Weiß kommt zu d3-Nbd2 mit scharfem positionellen Spiel. Eigentlich haben
wir hier eine Benoni-Verteidigung mit Mehrtempo für Weiß auf dem Brett.}) 9.
Nc3 Ba6 {Das ist eine relativ seltene, aber nicht schlechte Fortsetzung.} (9...
dxc4 10. bxc4 Bb7) (9... Bb7 {Dieser logisch erscheinende Zug hat auch seine
Nachteile.} 10. cxd5 Nxd5 11. Nxd5 Qxd5 12. d4 $14 {[%csl Gb2,Rd5,Gg2]}) 10. d3
Qd7 11. Qe2 Rad8 {Die andere mögliche Turmplatzierung mit 10...Rac8,11...Rfd8
scheint mir persönlich elastischer, aber die Partiefortsetzung ist auch gut.} (
11... Rfd8 12. Rfd1 Rac8 13. Rac1 Qe8 $11 {Meiner Meinung nach ist das die
ideale Figurenplatzierung für Schwarz. Er hat eine bequeme, ausgeglichene
Stellung.} 14. Qc2 Bb7 15. Qb1 Rd7 16. cxd5 Nxd5 17. Nxd5 Rxd5 18. d4 cxd4 19.
Nxd4 Rd7 20. Be4 Nxd4 21. Bxd4 Bxe4 22. Qxe4 Bf8 23. a4 Rdc7 24. Rxc7 Rxc7 25.
Be5 Rd7 26. Rxd7 Qxd7 {1/2-1/2 Pribyl,J-Stettler,M/Vysehrad 1990 (41)}) 12.
Rfd1 Rfe8 (12... d4 13. Nb5 e5 14. e4 Bc8 15. Bc1 a6 16. Na3 Ne8 17. Bd2 Qd6
18. Nc2 g6 19. Bh6 Ng7 20. Nd2 g5 21. Bxg7 Kxg7 22. Bf3 h5 23. Bxh5 Rh8 24. Bg4
Rh6 25. Kg2 Bxg4 26. Qxg4 Rdh8 27. Rh1 {1-0 Damljanovic,B-Al Hantouli,F/Moscow
olm 1994/EXP 44 (48)}) 13. Rac1 Bf8 $11 {Weiß hat beide Läufer auf den großen
Diagonalen, aber Schwarz verfügt über eine feste Zentrumsstellung ohne
Schwachpunkte. In einigen Varianten kann der Nachziehende d5-d4 und danach
e6-e5 ziehen.} (13... Bd6 14. e4 d4 15. e5 dxc3 16. Bxc3 Be7 17. exf6 Bxf6 18.
Ne5 Nxe5 19. Bxe5 Bxe5 20. Qxe5 Qd4 21. Qxd4 Rxd4 22. Kf1 g5 {Burgess,M-Granda
Zuniga,J/WchJ 1986/EXT 86ch/0-1 (53)}) 14. d4 $13 {[%cal Ga6e2,Gd1d7] Weiß
spielt scharf. Seine Dame steht nicht glücklich auf der Diagonale a6-h3, aber
auch die schwarze Dame in der d-Linie muß sich so ihre Sorgen machen.} (14. Qc2
) (14. h3) 14... Qc8 (14... cxd4 15. exd4 $13 (15. Nxd4 Nxd4 16. Rxd4 Qc8 {
[%csl Rc4,Re2]})) 15. Nb5 (15. Ne5 cxd4 (15... Nxe5 16. dxe5 Nd7 17. Nb5 $14)
16. exd4 $13) 15... cxd4 16. exd4 (16. Nfxd4 $5 Nxd4 17. Bxd4 e5 (17... Qb8 18.
Bxf6 gxf6 19. cxd5 $16) 18. Bb2 (18. cxd5 $2 Qd7 $19 {[%csl Rb5,Rd4]}) 18...
dxc4 $11) 16... Qb8 17. Ne5 Ne7 $5 {[%cal Ge7f5] Das ist eine auf den ersten
Blick passiv erscheinende Fortsetzung. Aber in Wirklichkeit zielt der schwarze
Springer nach f5, von wo aus er den Punkt d4 kontrolliert.} (17... Nxe5 18.
dxe5 $14) 18. a4 (18. Ba3 $5 {[%cal Ga3f8]}) 18... dxc4 19. bxc4 Bb7 {Das ist
eine gute positionelle Idee. Schwarz tauscht die beste weiße Figur. Weiß hat
zwar die etwas freiere Stellung, aber seine Bauernstruktur kann -besonders im
Endspiel- schwach werden.} 20. a5 $6 {Das scheint mir zu agressiv. Weiß opfert
einen Bauern für Initiative, bekommt aber keine vollwertige Kompensation.} (20.
Bxb7 Qxb7 21. Qf3 Qxf3 22. Nxf3 Nc6 $11) 20... Bxg2 21. Kxg2 a6 (21... bxa5 $5)
22. Nc3 bxa5 $15 {Schwarz hat einen Bauern mehr, aber sein Doppelbauer ist
noch nicht besonders stark. Weiß verfügt dagegen über Zentrumsvorteil, aber es
fragt sich, wie er davon profitieren kann.} 23. Kg1 Qc7 {Ich möchte sagen, daß
Schwarz "einen halben" Bauern mehr hat, weil es sich um einen Doppelbauern auf
der a-Linie handelt. Ich möchte auch anmerken, daß die hängenden Pc4 und Pd4
Schwachpunkte im weißen Lager sind.} 24. Ra1 Nf5 {[%csl Gf5][%cal Rf5d4]} 25.
Ne4 Nxe4 26. Qxe4 Bd6 {Schwarz hat eine starke Springerstellung auf f5. Er
kann den stolzen weißen Springer tauschen, denn nach dxe5 bleibt der weiße Bb2
ohne rechte Perspektive} 27. Bc3 $2 (27. Nc6 Rc8 (27... Qb7 {[%cal Rb7b2,Gb7e4]
} 28. d5 Qxb2 29. Nxd8 Rxd8 30. dxe6 $13) 28. d5 (28. Nxa5 Bb4 29. Nb3 Qxc4 $17
) 28... exd5 29. Qxd5 Qxc6 30. Qxf5 Bb4 $15) 27... Bxe5 28. Bxa5 $6 {Weiß
spielt konsequent aber nicht richtig. In den taktischen Verwicklungen kommt
Schwarz in Vorteil.} (28. dxe5 Rxd1+ 29. Rxd1 Rc8 $15) 28... Qxc4 $17 29. Bxd8
$6 (29. Qxe5 Nxd4 $17 {[%csl Rg1][%cal Rd4f3]}) 29... Bxd4 $19 {[%csl Rd8,Re4]
[%cal Rd4f2] Schwarz hat zwei Bauern für die Qualitaet, aber es hängt der
Läufer auf d8 und zugleich droht Damengewinn durch 30...Bxf2.} 30. Qa8 Bxa1 31.
Rxa1 Qd4 {[%csl Gd4][%cal Rd4a1,Rd4d8] Dieser Doppelangriff entscheidet die
Partie.} 32. Bf6 Qxa1+ {Und Weiß gab auf - er verliert den Turm.Ribli.} (32...
Qxa1+ 33. Bxa1 Rxa8 $19) 0-1

[Event "GER-ch 75th"]
[Site "Hoeckendorf"]
[Date "2004.02.03"]
[Round "6"]
[White "Espig, Lutz"]
[Black "Bischoff, Klaus"]
[Result "1/2-1/2"]
[WhiteElo "2429"]
[BlackElo "2561"]
[Annotator "Ribli,Z"]
[PlyCount "76"]
[EventDate "2004.01.30"]
[EventType "swiss"]
[EventRounds "9"]
[EventCountry "GER"]
[SourceTitle "CBM 100"]
[Source "ChessBase"]
[SourceDate "2004.06.01"]
[SourceVersion "1"]
[SourceVersionDate "2004.06.01"]
[SourceQuality "1"]

1. Nf3 Nf6 2. c4 e6 3. g3 d5 4. b3 {Mit diesem Zug vermeidet Weiß die
Hauptvarianten der Katalanischen Eröffnung, die erreichbar wäre mit 4.d4.} Be7
5. Bg2 O-O 6. O-O c5 (6... b6 7. Bb2 Bb7 8. e3 Nbd7) 7. Bb2 Nc6 8. e3 d4 {
Mit diesem Zug schließt Schwarz den b2-Läufer ein.} (8... b6 9. Nc3 Ba6 $5 $11
(9... Bb7 10. cxd5 Nxd5 (10... exd5 11. d4 $14) 11. Nxd5 Qxd5 (11... exd5 12.
d4 $14) 12. d4 $14)) 9. exd4 cxd4 10. Re1 {Dieser Zug ist gegen 10...e5
gerichtet. Jetzt haben wir eine Stellung, die typisch für Benoni ist, aber mit
umgekehrten Farben.} Ne8 (10... Re8 11. d3 Bf8 12. a3 a5 13. Ne5 $14) 11. d3 f6
12. Na3 (12. Ba3 e5 13. Bxe7 Qxe7 14. a3 a5 15. Nbd2 Nc7 16. Qc2 (16. Ne4 Kh8
$11) 16... Be6 17. Ne4 Kh8 18. h4 h6 19. Nh2 Rad8 20. Nd2 g5 {1/2-1/2 Hickl,
J-Chuchelov,V/Germany 2004/CBM 100 (43)}) 12... e5 13. Nc2 {Der Springer auf
c2 steht nicht besonders gut, aber im folgenden kann Weiß eventuell b3-b4
spielen.} (13. Qe2 Bg4 14. h3 Be6 15. Nb5 Bc5 16. Ba3 Bxa3 17. Nxa3 Qd7 18. Kh2
Nc7 19. Nc2 a5 $15) 13... Nc7 14. Qe2 {[%cal Ge1e7] Nach diesem scheinbar
genügsamem Damezug droht 15.Nfxd4 mit Bauerngewinn.} (14. a3 a5 15. Qe2 Re8 16.
Nd2 Bf8 17. b4 axb4 18. axb4 Rxa1 19. Rxa1 Nxb4 20. Nxb4 Bxb4 21. Ba3 Bxa3 22.
Rxa3 b5 {0-1 Trauth,M-Van der Sterren,P/Zuerich 1995/EXT 98 (32)}) (14. Qd2 a5
15. a3 Bd7 (15... Na6 16. b4 $13) 16. b4 axb4 17. axb4 Rxa1 18. Rxa1 b5 19. Nh4
Kh8 $13) 14... Re8 (14... Bg4 15. h3 Be6 16. Nd2 Qd7 17. Qf1 a5 18. f4 Nb4 19.
Nxb4 Bxb4 20. Re2 Bc3 21. Ne4 Bxb2 22. Rxb2 Na6 23. Rf2 exf4 24. Rxf4 h6 25.
Re1 {1-0 Damljanovic,B-Stamenkovic,Z/Niksic 1997/EXT 2000 (61)}) 15. Nd2 (15.
Bc1 Bg4 16. h3 Bh5 17. Qf1 Qd7 18. Bd2 a5 19. a3 Na6 20. Rab1 Nc5 21. b4 Na4
22. Rb3 Bf7 23. Reb1 Nc3 24. Bxc3 a4 25. R3b2 dxc3 26. Ra2 Rad8 27. Nfe1 Nd4 {
1/2-1/2 Pribyl,J-Jaworski,M/Czechia 1999/EXT 2001 (49)}) (15. a3 a5 {Schwarz
muss die Möglichkeit 16.b4 verhindern und im folgenden kann er Na6-Nc5 spielen
und die Schwächung des weißen Damenflügels ausnutzen.}) 15... a5 {[%mdl 4]
Schwarz verstärkt seine Kontrolle über das b4-Feld und provoziert die
Schwächung des weißen Damenflügels mit a2-a3.} 16. Qf1 {[%cal Gf2f4]} (16. a3
Bf5 $11) 16... Nb4 (16... a4 $5) 17. Nxb4 Bxb4 $11 {Schwarz hat eine bequeme
Stellung und Raumvorteil, aber Weiß hat auch seine Chancen, weil er im
folgenden a3-b4 oder f2-f4 spielen kann.} (17... axb4 18. f4 $14) 18. Re2 (18.
Qe2 a4 $36) 18... Bg4 $1 19. f3 (19. Bf3 Bxf3 (19... Qd7 $15) 20. Nxf3 Qd7 $15)
19... Bh5 20. Ne4 (20. a3 Bxd2 21. Rxd2 Ne6 $15 {[%cal Ge6c5,Gc5b3]}) 20... Ne6
(20... f5 $5 21. Nf2 (21. a3 fxe4 22. axb4 exd3 $17) 21... Qd7 $15) 21. a3 Bf8
22. Bh3 {[%csl Gh3][%cal Gh3c8]} Ra6 $1 $15 {[%csl Ga6][%cal Ga6b6,Gb6b3,Ga6h6]
Der Turm kommt auf der 6. Reihe ins Spiel, Weiß muss mit 23...Rb6 rechnen.} (
22... Nc5 23. Nxc5 Bxc5 24. Bf5 Qb6 $36) 23. Bc1 Bg6 $1 {[%cal Gf6f5] Auf
diese Weise bereitet Schwarz 24...f5 vor.} 24. f4 $8 {Das ist die einzige
aktive Gegenspielmöglichkeit für Weiß. Ohne diese Fortsetzung verbleibt er mit
einer passiven Stellung.} f5 25. Nf2 (25. Ng5 $6 e4 26. Nxe4 fxe4 27. f5 Bh5
$17) 25... exf4 26. gxf4 Qh4 {[%mdl 2048]} (26... Bd6 $1 27. Nh1 Bh5 $17) 27.
Bg2 Nxf4 (27... Bh5 $17) 28. Bxf4 Qxf4 29. Bxb7 (29. Bd5+ Kh8 30. Rxe8 Bxe8 31.
Ne4 Qxf1+ 32. Rxf1 Bd7 $17) 29... Rxe2 30. Qxe2 Rf6 31. b4 $132 {Gut, oder
schlecht, Weiß opfert einen Bauern für Gegenspiel.} Qe3 (31... axb4 32. axb4
Bxb4 33. Ra8+ Rf8 34. Bd5+ Bf7 $17) 32. Bd5+ Kh8 33. Qb2 (33. Qxe3 $2 dxe3 $19)
33... Bh5 (33... f4 $1 $17) 34. Kf1 Rg6 35. bxa5 {[%csl Ga5]} Qg5 (35... Be2+
$6 36. Qxe2 Rg1+ 37. Kxg1 Qxe2 38. a6 Qe7 39. Rb1 $36 {Schwarz hat
Materialvorteil, aber der weiße a6P ist sehr stark.}) (35... Qe5 36. Bf7 Be2+
37. Qxe2 Rg1+ 38. Kxg1 Qxe2 39. a6 Bc5 40. Rb1 g5 $13) (35... f4 36. Be4 $13)
36. Nh3 Qe3 (36... Qg4 37. Bg2 f4 38. Ng1 $132) 37. Nf2 Qg5 38. Nh3 Qe3 {
Und Remis mit Zugwiederholung.} 1/2-1/2

[Event "USA-ch"]
[Site "San Diego"]
[Date "2004.12.04"]
[Round "9"]
[White "Fishbein, Alexander"]
[Black "Schneider, Dmitry"]
[Result "1-0"]
[WhiteElo "2505"]
[BlackElo "2453"]
[Annotator "Ribli,Z"]
[PlyCount "91"]
[EventDate "2004.11.24"]
[EventType "swiss"]
[EventRounds "9"]
[EventCountry "USA"]
[SourceTitle "CBM 105"]
[Source "ChessBase"]
[SourceDate "2005.04.11"]
[SourceVersion "1"]
[SourceVersionDate "2005.04.11"]
[SourceQuality "1"]

1. c4 e6 2. Nf3 d5 3. b3 Nf6 4. g3 c5 5. Bg2 Nc6 6. O-O (6. cxd5 exd5 7. Bb2 $5
(7. d4 cxd4 8. Nxd4 Bb4+)) 6... d4 7. e3 Be7 (7... e5 8. exd4 exd4 9. d3 Be7
10. Bf4 O-O 11. Ne5 Nxe5 12. Bxe5 Bd6 $11 (12... Ng4)) 8. exd4 cxd4 9. Bb2 O-O
10. Re1 Ne8 {Weil der Plan Nd7 und e6-e5 wegen der Schwächung des d4-Bauern
nicht geht, bereitet Schwarz den Plan f6-e5 vor.} (10... Re8 11. d3 Bf8 12. a3
a5 13. Ne5 Nxe5 14. Rxe5 $14) 11. Ne5 (11. d3 f6 12. Na3 e5 13. Nc2 Nc7 $13)
11... Nxe5 12. Rxe5 f6 13. Re1 e5 {Schwarz hat eine starke Zentrumsstellung,
welche den b2B verschließt, aber Weiß hat gute taktische Chancen.} (13... Nc7
14. d3 Rb8 15. Ba3 Bxa3 16. Nxa3 e5 17. Qd2 Qd6 18. Nc2 Kh8 19. b4 b6 20. f4
Bf5 21. Be4 g6 {0-1 Wahls,M-Chandler,M/Germany 2002/EXT 2003 (43)}) 14. f4 {
Diese scharfe Fortsetzung ist ein seltener Gast in der Turnierpraxis - Weiß
verliert keine Zeit, er möchte sofort aktiv spielen.} (14. d3 Nc7 15. Ba3 (15.
Nd2 a5 16. a3 Rb8 17. f4 exf4 18. gxf4 b6 $11) 15... Ne6 $1 {[%cal Ge6c5]} 16.
Qc1 (16. Bxe7 Qxe7 17. Nd2 Kh8 $11) 16... Kh8 17. Nd2 Rb8 18. Ne4 b6 {[%cal
Gc8b7,Gb7h1]} 19. Rb1 (19. Bxe7 $5 Qxe7 20. f4 exf4 21. gxf4 Qc7 22. Rf1 $11)
19... Bb7 {Der b7B neutralisiert den g2-Läufer und im Folgenden muss Weiß
immer mit f6-f5 rechnen.} 20. Bxe7 Qxe7 21. b4 g5 $1 $15 {[%csl Gd4,Ge5,Gf6,
Gg5][%cal Gf6f5] 0-1 Spangenberg,H-Onischuk,A/Buenos Aires 2003/CBM 97/[Ribli
Zoltan] (34)}) (14. Ba3 Bxa3 15. Nxa3 Nc7 16. Nc2 Kh8 17. d3 Qd6 18. Qd2 Ne6
19. Rf1 g5 20. b4 a5 21. a3 Ra7 22. bxa5 Qc7 {0-1 Bruzon Bautista,L-David,A/
Bled 2002/EXT 2003 (48)}) 14... exf4 15. Qf3 $5 $146 {[%mdl 4]} (15. gxf4 Nc7
16. Qf3 Kh8 17. f5 Bc5 18. a3 a5 19. d3 Qd7 20. Qf4 Ra6 21. Rf1 Rb6 22. Nd2 Ne8
23. Rae1 Qd8 24. Bd5 Nc7 25. Be4 Ne8 {0-1 Rotstein,A-David,A/Montpellier FRA
2004/(49)}) 15... fxg3 (15... Nc7 16. Qxf4 (16. gxf4 Kh8 {Mit Zugumstellung
haben wir die Variante 15.gxf4 Nc7 16.Qf3.}) 16... Bc5 (16... Ne6 17. Qf5 Nc7
18. Qf2 $14) 17. Ba3 $14) 16. Qd5+ Kh8 17. hxg3 Qxd5 18. Bxd5 $44 {[%csl Gb2,
Rd4,Gd5,Ge1] Weiß hat Kompensation für den Bauern - er hat ein gutes
Figurenspiel und Schwarz hat einige Probleme mit seiner Figurenkoordination.}
Bc5 (18... Bd6 $5 19. Bxd4 Bxg3 20. Re3 Bf4 21. Re4 Bb8 22. Nc3 Nd6 23. Re2 $44
{[%csl Gc3,Gd4,Gd5] Weiß hat gut zentralisierte Figuren, was Kompensation für
den Bauern bietet.}) 19. Ba3 $5 (19. b4 Bxb4 20. Bxd4 Nc7 $15) 19... Bxa3 (
19... Bd6 20. Re4 (20. Kf2 $44) 20... Bxa3 21. Nxa3 Nc7 22. Rxd4 Rd8 23. Re1
Be6 (23... Nxd5 24. Rxd5 Bg4 25. Rxd8+ Rxd8 26. d4 $14) 24. Bxb7 Rxd4 25. Bxa8
$14) 20. Nxa3 {[%csl Ga3,Rc8,Rd4,Gd5,Re8][%cal Ge1e8] Die weißen Figuren
stehen aktiv, der d4P ist schwach und die schwarzen Figuren stehen passiv.} Nd6
21. Nc2 Nf5 (21... d3 22. Nb4 Nf5 23. Kf2 $14 {Das wäre nur Zugumstellung zur
Partiefortsetzung.}) 22. Kf2 d3 23. Nb4 $14 {[%csl Rd3,Gd5] Weiß gewinnt den
Bauern zurück und es wäre nicht schlecht für Schwarz die Entwicklung des
Damenflügels zu beenden.} Rb8 24. Nxd3 b6 (24... Bd7 25. Nc5 $16) 25. Nf4 Bb7 (
25... g5 26. Ne6 Bxe6 27. Rxe6 Rbe8 28. Rae1 $16) 26. Be6 (26. g4 Nh6 (26...
Nd4 $4 27. Ng6+ hxg6 28. Rh1#) (26... Bxd5 27. gxf5 Bc6 28. d4 $16) 27. Kg3 $16
) 26... Bc8 (26... Nh6 27. d4 $16) 27. d4 $16 {Weiß hat eine sehr starke
Bauernmasse im Zentrum. Natürlich wäre 27...Nxd4?? wegen 28.Ng6+! schlecht.}
Bxe6 (27... g5 28. Bxf5 (28. Bxc8 Rfxc8 29. Ne6 $16) 28... Bxf5 29. Nd5 $16)
28. Nxe6 {[%mdl 4096]} Rfc8 29. d5 Kg8 30. Rad1 Nd6 $8 31. Nd4 {[%csl Yc6]
[%cal Gd4c6]} Rb7 32. Nc6 {[%csl Gc6][%cal Rc6e7,Re7c8,Re7g8]} Kf7 33. Re6 {
Die weiße Züge kommen mit Tempo.} Rd7 34. Rde1 (34. Nxa7 Rxa7 (34... Ra8 35.
Nc6 Rxa2+ 36. Kf3 Ra3 37. Re3 $16) 35. Rxd6 Rxa2+ 36. Kf3 b5 (36... Ra3 37.
Rxb6 Rxc4 38. Rb7+ $16) 37. Rc6 $16) 34... Rcc7 35. g4 $1 h6 (35... b5 36. c5 (
36. Rc1 $16) 36... Nc8 37. Re8 Rxd5 38. Nd8+ Kg6 39. Ne6 Rdxc5 40. Nxc5 Rxc5
$132) 36. Kf3 a5 37. a4 $1 {Auf diese Weise befestigt Weiß die Stellung am
Damenflügel.} Rb7 38. R1e2 Rbc7 39. Nd4 Rb7 40. Nf5 Nc8 (40... Nxf5 41. gxf5
$16) 41. R2e3 Kg6 42. Rc6 Na7 43. Ree6 $1 $18 {[%csl Rb6]} b5 (43... Nxc6 44.
dxc6 $18) 44. axb5 Nxb5 45. cxb5 Rxb5 46. Rb6 1-0

[Event "CHN-CIS"]
[Site "Beijing"]
[Date "1991.??.??"]
[Round "?"]
[White "Xu, Jun"]
[Black "Ambartsoumian, Armen"]
[Result "1/2-1/2"]
[WhiteElo "2535"]
[BlackElo "2345"]
[Annotator "Ribli,Z"]
[PlyCount "65"]
[EventDate "1991.??.??"]
[EventType "team"]
[EventRounds "9"]
[EventCountry "CHN"]
[SourceTitle "CBM 028"]
[Source "ChessBase"]
[SourceDate "1992.06.01"]
[SourceVersion "1"]
[SourceVersionDate "1992.06.01"]
[SourceQuality "1"]

1. c4 e6 2. g3 d5 3. Bg2 Nf6 4. Nf3 Be7 5. O-O O-O 6. b3 c5 7. Bb2 Nc6 8. e3 b6
9. Qe2 Bb7 10. d3 Rc8 11. Rd1 Qc7 12. Nc3 dxc4 13. bxc4 Rfd8 14. Rac1 (14. Rab1
Qb8 15. Ba1 Qa8 16. Ng5 Na5 17. Bxb7 Nxb7 $1 18. Nce4 Nxe4 19. Nxe4 Nd6 20. Qg4
Ne8 $10 {Jelen,Iz-Brglez,R Ptuj 1991 EXP/24}) 14... Rd7 (14... Qb8 15. h3 Qa8
16. Ne1 Rd7 17. f4 Nb4 18. Bf1 $5 Rcd8 19. g4 Ne8 20. Qf2 $40 {Hansen,
LB-Filipowicz,A Warsaw 1990 CBM/17}) 15. d4 (15. Ne1 Rcd8 16. f4 Nb4 $13) 15...
cxd4 16. exd4 Na5 17. Ne5 Bxg2 $1 (17... Rdd8 18. d5 $1 $16) 18. Nxd7 Qxd7 19.
Kxg2 Nxc4 20. Ba1 (20. d5 $6 exd5 21. Nxd5 Nxd5 22. Rxc4 (22. Qe4 Rc5 $1) 22...
Rxc4 23. Qxc4 Ne3+ 24. fxe3 Qxd1 25. Qc8+ Bf8 26. Ba3 Qe2+ 27. Kh3 Qh5+ (27...
Qf1+ $5) 28. Kg2 Qe2+ $10) 20... Nd5 (20... b5 $5) 21. Nxd5 Qxd5+ 22. Qf3 b5
23. Qxd5 exd5 24. Bc3 b4 25. Be1 a5 $44 26. h4 h5 27. Rb1 Rb8 28. Rd3 a4 29.
Kh3 Bd6 30. g4 hxg4+ 31. Kxg4 Na3 32. Rb2 Nc4 33. Rb1 1/2-1/2

[Event "Olympiad-36"]
[Site "Mallorca"]
[Date "2004.10.23"]
[Round "8"]
[White "Ilinsky, Vladimir"]
[Black "Kveinys, Aloyzas"]
[Result "1-0"]
[WhiteElo "2331"]
[BlackElo "2531"]
[Annotator "Ribli,Z"]
[PlyCount "89"]
[EventDate "2004.10.15"]
[EventType "team-swiss"]
[EventRounds "14"]
[EventCountry "ESP"]
[SourceTitle "CBM 104"]
[Source "ChessBase"]
[SourceDate "2005.01.27"]
[SourceVersion "1"]
[SourceVersionDate "2005.01.27"]
[SourceQuality "1"]
[WhiteTeam "Kyrgyzstan"]
[BlackTeam "Lithuania"]
[WhiteTeamCountry "KGZ"]
[BlackTeamCountry "LTU"]

1. Nf3 Nf6 2. c4 e6 3. g3 d5 4. Bg2 Be7 5. O-O O-O 6. b3 c5 {Das ist eine
gewöhnliche Fortsetzung, aber - meiner Meinung nach - wäre die beste
Spielweise für Schwarz, die Figurenentwicklung des Damenflügels mit b6-Bb7 und
Nbd7. In einigen Varianten kann Schwarz den Zug c7-c5 sparen.} 7. Bb2 Nc6 8. e3
b6 9. Nc3 Bb7 10. d3 {Diese genügsame Fortsetzung ist nicht die beste
Möglichkeit für Weiß.} (10. cxd5 Nxd5 (10... exd5 11. d4 $14) 11. Nxd5 Qxd5 (
11... exd5 12. d4) 12. d4 $1 Na5 13. Rc1 (13. dxc5 Bxc5 14. Qxd5 Bxd5 15. Ne5
Rfd8 16. Rfd1 Bxg2 17. Kxg2 f6 18. Nd3 Be7 19. Rac1 {1/2-1/2 Davies,N-Lalic,B/
West Bromwich ENG 2004/ (19)}) 13... Rfd8 14. Ba3 Qf5 15. Qe2 Be4 16. Rfd1 g5
17. dxc5 bxc5 18. Rxd8+ Rxd8 19. Nd4 {1-0 Socko,B-Klovans,J/Pardubice CZE 2004/
(24)}) 10... Qd7 (10... Rc8 11. Qe2 Qc7 12. Rfd1 Rfd8 $11) (10... Re8 11. Qe2
Rc8 12. Rfd1 Qc7 13. Rac1 Qb8 14. cxd5 exd5 15. d4 cxd4 16. exd4 Bd6 17. Qd3 {
1/2-1/2 Ilinsky,V-Cordova,E/Calvia ESP 2004/Calvia ol (Men) (72)}) 11. Qe2 Rfe8
12. Rfd1 Rad8 $11 {Schwarz hat eine bequeme, ausgeglichene Stellung.} (12... d4
13. exd4 cxd4 14. Nb5 $14) 13. d4 {[%cal Gd1d7] Weiß muss so spielen, weil die
schwarze positionelle Drohung 13...d4 ist.} (13. cxd5 Nxd5 $11 (13... exd5 14.
d4 $14)) (13. Rac1 d4 14. exd4 Nxd4 15. Nxd4 cxd4 16. Ne4 Nxe4 17. Bxe4 e5 18.
Rc2 Bxe4 19. Qxe4 Bc5 20. g4 a5 {1/2-1/2 Ortega,L-Gurevich,M/Havana 1986/EXT
98 (60)}) 13... cxd4 14. exd4 (14. Nxd4 Nxd4 15. Rxd4 e5 16. Rxd5 (16. Rdd1 d4
$15) 16... Nxd5 17. Nxd5 Qf5 $15) 14... dxc4 15. bxc4 Qc8 {Schwarz hat die
bessere Bauernstruktur, weil die c4- und d4-Bauern potenzielle Schwächen sind.
Aber im Mittelspiel muss Schwarz vorsichtig sein, weil Weiß in einige
Varianten mit d4-d5 die Initiative bekommen kann.} 16. Rac1 Na5 (16... Bf8 17.
Nb5 a6 18. Nc3 Qa8 19. Nb1 Na5 20. Nbd2 Bb4 21. Nf1 Rc8 22. Ne3 Bd6 23. Bc3 Ba3
24. Rb1 Ne4 25. Be1 {1-0 Salazar,C-Cordova,E/Huacho 2004/CBM 102 ext (72)}) 17.
Nb1 (17. Ne5 Bxg2 {Der Tausch der weißfarbigen Läufer ist vorteilhaft für
Schwarz.} 18. Kxg2 Nd7 $15) 17... Bc6 {[%cal Gc8b7,Gb7g2,Gc8a6,Ga6e2]} (17...
Qc7 $11) (17... Qa8 $11) 18. Nbd2 Qa6 19. Bf1 {[%cal Gf1a6]} (19. Nb3 $11)
19... Ba8 20. Nb3 Nc6 21. a3 Qa4 22. Nbd2 Na5 {Schwarz hat Initiative am
Damenflügel und kontrolliert stark die weißfarbigen Felder.} 23. h3 Bb7 24. Qe3
Rc8 25. Re1 Bf8 26. Ne5 Nd7 (26... g6 27. Qf4 Bg7 28. Bd3 $14) 27. Nxd7 Qxd7
28. Bd3 e5 $6 {[%mdl 16384] Mit diesem Zug gewinnt Schwarz einen Bauern, aber
sein Gegner bekommt die Initiative.} (28... Red8) 29. d5 (29. dxe5 $2 Rcd8 30.
Rc3 Qxh3 $17) 29... Qxh3 30. Qf3 {[%csl Rh3][%cal Rd3f5,Rf5c8,Rf5h3]} (30. Qg5
$13) 30... Qh6 31. Ne4 {[%csl Gb2,Gd3,Ge4]} Nb3 {[#]} 32. Kg2 $5 {[%cal Re1h1,
Rh1h7] Die weiße Drohung ist 33.Rh1.} (32. Rcd1 b5 $13 (32... Nd4 33. Bxd4 exd4
34. Kg2 $16 {[%cal Re1h1,Rh1h7]})) 32... f5 $6 (32... Bxd5 $2 33. Rh1 $1 Qg6
34. cxd5 Nxc1 35. Nf6+ $18) (32... Nxc1 $1 33. Bxc1 Qg6 34. Ng5 (34. Nc5 Rxc5
35. Bxg6 hxg6 $17 {[%cal Gb7g2]}) 34... e4 35. Rxe4 Qf6 36. Qh5 (36. Qxf6 gxf6
37. Nxh7 Rxe4 (37... Bg7 38. Rg4 Kh8 39. Bb2 Re6 $14) 38. Nxf6+ Kh8 39. Nxe4 b5
40. Bb2+ Bg7 41. Bxg7+ Kxg7 $15) 36... Qg6 (36... h6 37. Rf4 Qxg5 38. Qxf7+ Kh8
39. Rf3 Qg4 40. Bf5 $18) 37. Qf3 Qf6 $11) 33. Qxf5 Nxc1 34. Bxc1 Qg6 35. Qd7 (
35. Qxg6 $6 hxg6 36. Ng5 $44) 35... Qf7 (35... Re7 36. Qh3 $44) 36. Qh3 (36.
Qxf7+ Kxf7 37. Ng5+ $14) 36... h6 37. Ng5 Qf6 38. Ne4 Qd8 $6 {Schwarz spielt
auf Gewinn, aber der Textzug ist mehr als riskant.} (38... Qf7 $142) 39. Qf5
$40 {[%csl Gd3,Ge4,Gf5][%cal Gc1h6][%mdl 128] Weiß hat einen sehr starken
Angriff.} Rc7 $2 40. Ng5 {[%csl Rg8][%cal Rf5h7,Rh7g8]} g6 (40... hxg5 41. Qh7+
Kf7 42. Qh5+ Ke7 43. Bxg5+ $18 (43. Rxe5+ $18)) 41. Qxg6+ Rg7 42. Qxh6 $18 {
Weiß hat einen überlegenen Angriff, Schwarz hat keine Verteidigung.} e4 43. Rh1
{[%cal Rh1h8,Rh8g8]} (43. Bxe4 Rxe4 44. Rxe4 $18) 43... Qxg5 44. Bxg5 exd3 45.
Rh4 1-0